000 03825nam a22012974i 4500
003 PE-LiUPU
005 20250813185332.0
008 110719s2011 sp r o000 0 spa d
017 _aM 20719-2011
_bOficina Depósito Legal Madrid
020 _a8436259602 (UNED)
020 _a8483227452 (Pearson)
020 _a9788436259605 (UNED)
020 _a9788483227459 (Pearson)
035 _a(Sirsi) i9788436259605
040 _aBNM
_bspa
_cBNM
_dESUDE
_dPL#
_dI5B
_dPE-LiUPU
_erda
050 4 _aLC
080 _a37.035:303.214.3
082 0 4 _a370.2
_bC34
_220
100 1 _aCastillo Arredondo, Santiago,
_eautor.
245 1 3 _aLa práctica de la evaluación en la intervención socioeducativa :
_bmateriales e instrumentos : vademécum del educador social
_cautores, Santiago Castillo Arredondo, Jesús Cabrerizo Diago, María Jesús Rubio Roldán.
264 _aMadrid :
_bUNED :
_bPearson,
_cD.L. 2011
300 _aXVII, 387 páginas ;
_c24 centímetros.
336 _atext
_2rdacontent
337 _aunmediated
_2rdamedia
338 _avolume
_2rdacarrier
505 0 _aMateriales e instrumentos par ala evaluación de alumnos -- Materiales e instrumentos para la evaluación de la familia -- Materiales e instrumentos para la evaluación de ámbitos socioeducativos -- Materiales e instrumentos para la evaluación de grupos de riesgo -- Materiales e instrumentos para la evaluación de personas mayores -- Materiales e instrumentos para la evaluación de programas y proyectos -- Materiales e instrumentos para la evaluación de agentes sociales -- Otros materiales para la evaluación socioeducativa.
526 _aP202
526 _aP201
526 _aP163
526 _aP162
526 _aP161
526 _aP160
526 _aP148
526 _aP147
526 _aP146
526 _aP145
526 _aP144
526 _aP143
526 _aP142
526 _aP141
526 _aP140
526 _aP139
526 _aP138
526 _aP137
526 _aP136
526 _aP135
526 _aP134
526 _aP133
526 _aP129
526 _aP128
526 _aP127
526 _aP120
526 _aP119
526 _aP118
526 _aP116
526 _aP115
526 _aP114
526 _aP110
526 _aP109
526 _aP108
526 _aP104
526 _aP103
526 _aP102
526 _aP99
526 _aP98
526 _aP97
526 _aP96
526 _aP95
526 _aP93
526 _aP90
526 _aP89
526 _aP88
526 _aP83
526 _aP82
526 _aP62
526 _aP59
526 _aP58
526 _aP57
526 _aP51
526 _aP49
526 _aP48
526 _aP47
526 _aP29
526 _aP24
526 _aP20
526 _aP19
526 _aP17
526 _aP15
526 _aP14
526 _aP12
526 _aP10
526 _aP09
526 _aP08
526 _aP07
526 _aP06
526 _aP05
526 _aP04
526 _aP01
650 7 _aEducación social
_xEvaluación
_2embne
650 0 4 _aEvaluación en educación.
650 0 4 _aPedagogía social.
700 1 _aCabrerizo Diago, Jesús,
_eautor.
700 1 _aRubio Roldán, María Jesús,
_eautor.
910 _ajck
_bebj
_cebj
_d20160815
942 _2ddc
_cBOOK
949 _a370.2 C34
_wDEWEY
_c1
_i74282
_lCCODEBUL1
_mBUL
_p36.00
_r0
_sY
_tBOOK
_u2016-8-15
_xEDUCACION
_0COMPRA
_o.STAFF. Colección General
994 _aC0
_bPEPRU
596 _a1
999 _a370.2 C34
_wDEWEY
_c11916
_i74282
_d11916
_f2021-11-8
_g5
_lCCODEBUL1
_mBUL
_p36.00
_q1
_r0
_sY
_tBOOK
_u2016-8-15
_xEDUCACION
_PP14
_0COMPRA
_o.STAFF. Colección General
980 _81
_gALBERTO SANCHEZ Responsable de Automatización